| 000 | 01533cad a22002535a 4500 | ||
|---|---|---|---|
| 001 | 121303 | ||
| 008 | 230110s2021 xxk fo 000 0 eng d | ||
| 020 | _a9781783214280 | ||
| 041 | 0 | _aeng | |
| 110 | 2 |
_aRoyal Institution of Chartered Surveyors _94900 |
|
| 245 | 0 | 0 |
_aStrategic public sector property asset management _bRICS practice information _h[electronic resource] |
| 250 | _a3rd. | ||
| 260 |
_aLondon, _bRICS, _cSeptember 2021 |
||
| 300 | _a50p. | ||
| 490 | _aRICS practice information | ||
| 520 | _aSupersedes 2nd edition ISBN 9781842197691. | ||
| 520 | _aThis RICS document is aimed at those engaged in strategic property asset management activities in the public sector, globally. It considers the changing nature of the role and expectation real estate plays, and indicates how an organisation should use data to support organisational objectives and inform the strategic management of assets. There will be no going back to the ‘old’ normal for public sector real estate. It will be up to our profession to shape its recovery, effect positive change, keep it relevant and demonstrate the value it delivers. This RICS document will support and aid this. | ||
| 590 | _aKA | ||
| 651 | 4 | _aInternational | |
| 690 |
_aProperty management _96262 |
||
| 700 | _aThompson, Brian | ||
| 856 |
_uhttps://www.rics.org/profession-standards/rics-standards-and-guidance/sector-standards/real-estate-standards/strategic-public-sector-property-asset-management-3rd-edition _zAvailable free on RICS.org |
||
| 942 |
_n0 _2ddc |
||
| 999 |
_c121303 _d121303 |
||